| 000 | 00567nam a22002297a 4500 | ||
|---|---|---|---|
| 003 | UA-OsUOA | ||
| 001 | 51844 | ||
| 007 | ta | ||
| 008 | 20080123b un ||||| |||| 00| 0 ukr d | ||
| 100 | _aМишлэ Ж. | ||
| 090 |
_a82-31 _bМ71 |
||
| 942 | _cBK | ||
| 040 |
_aUA-OsUOA _bukr _cUA-OsUOA _dUA-OsUOA |
||
| 245 |
_aВедьма _cФриче В. |
||
| 300 | _a302 с. | ||
| 955 | _a2 | ||
| 041 | _aukr | ||
| 080 | _a82-31 | ||
| 260 |
_aК. _bсвенас _c1992 |
||
| 650 | 7 |
_a82 Література. Літературознавство _2UDC |
|
| 999 |
_c337888 _d337888 |
||